000 00508nam a2200193Ia 4500
005 20250425160825.0
008 250425s9999 xx 000 0 und d
020 _a0865310475
041 _aeng
082 _a333.711
100 _aSHANG, YUNG C.
245 0 _aAQUACULTURE ECONOMICS: BASIC CONCEPTS AND METHODS OF ANALYSIS
250 _aS.E.
260 _aCOLORADO SPRINGS
260 _aEstados Unidos
_bWESTVIEW PRESS
_c1981
650 _aECONOMIA PARA ACUICULTURA
942 _c01
010 _a6170
999 _c196896
_d196896